Ripensare l'autorità (Record n. 217235)

Dettagli MARC
000 -LEADER
fixed length control field 01641nam a2200217Ia 4500
001 - CONTROL NUMBER
control field a1946-47627
003 - CONTROL NUMBER IDENTIFIER
control field IT-MiCISF
008 - FIXED-LENGTH DATA ELEMENTS--GENERAL INFORMATION
fixed length control field 161014s9999||||xx |||||||||||||| ||und||
040 ## - CATALOGING SOURCE
Original cataloging agency IT-MiCISF
Transcribing agency IT-MiCISF
041 ## - LANGUAGE CODE
Language code of text/sound track or separate title it
999 ## - SYSTEM CONTROL NUMBERS (KOHA)
Koha Dewey Subclass [OBSOLETE] si
100 ## - MAIN ENTRY--PERSONAL NAME
Personal name Pati Luigi (a cura di)
245 #0 - TITLE STATEMENT
Title Ripensare l'autorità
Remainder of title Riflessioni pedagogiche e proposte educative
250 ## - EDITION STATEMENT
Edition statement 1a ed.
260 ## - PUBLICATION, DISTRIBUTION, ETC. (IMPRINT)
Place of publication, distribution, etc. Milano
Name of publisher, distributor, etc. Guerini e associati
Date of publication, distribution, etc. 2008
300 ## - PHYSICAL DESCRIPTION
Extent pp. 223
500 ## - GENERAL NOTE
General note Pati L., Prenna L., Chionna A., Iori V., Silvestri D., Simeone D., Bellingreri A., Santelli Beccegato L., Rossi B., Elia G., Malavasi P. / educazione, autorità, età-adulta, rapporti-intergenerazionali, autorità-parentale, scuola, lavoro, handicap / Ripensare l'autorità, in un tempo di profonda crisi antropologica e di trasformazioni radicali in tutti i campi del vivere, significa cimentarsi con un tema che frequentemente suscita l'emergere di schieramenti opposti. Da un lato si invoca un ricorso all'autorità quale leva in grado di fronteggiare i disordini comportamentali del presente. D'altra parte la si rifiuta, stimandola come negatrice della libertà umana, strumento di coercizione, fattore di esaltazione delle disuguaglianze. In questo scenario, i diversi AA. ricercano i fondamenti dell'autorità educativa; approfondiscono le connessioni tra autorità, governo di sé e percorsi di responsabilizzazione e rintracciano i significati e le dinamiche dell'autorità nell'ambito dei molteplici contesti di vita.
650 ## - SUBJECT ADDED ENTRY--TOPICAL TERM
Topical term or geographic name as entry element Genitorialità e problemi educativi / educazione
Relator term 004
700 ## - ADDED ENTRY--PERSONAL NAME
Personal name Prenna Lino (a cura di)
942 ## - ADDED ENTRY ELEMENTS (KOHA)
Koha item type LIBRO
957 ## -
-- 1
999 ## - SYSTEM CONTROL NUMBERS (KOHA)
-- 1
Dati di copia
Withdrawn status Lost status Damaged status Not for loan Home library Current library Date acquired Total Checkouts Full call number Date last seen Price effective from Koha item type Public note
    Buone Condizioni Not For Loan CISF - Milano CISF - Milano 14/10/2016   a1946-47627 14/10/2016 14/10/2016 LIBRO Data import 15.10.2016 / by Epidotti, Vaglietti
CREDITS: SOCIETA' SAN PAOLO Via A.Severo, 58 - ROMA (RM) & PERIODICI SAN PAOLO SRL Via Giotto, 36 MILANO & CISF Via Giotto, 36 MILANO & EDIZIONI SAN PAOLO SRL,  Piazza Soncino, 5 CINISELLO BALSAMO (MI) -- ITALY